Top 50 biggest cities in Switzerland - 1 minute sprint - Statistics

General Stats
  • This quiz has been taken 6 times
  • The average score is 10 of 50
Answer Stats
City Population % Correct
Bern 134,290
100%
Geneva 514,114
100%
Zürich 423,193
100%
Basel 173,064
83%
Lausanne 140,619
83%
Lucerne 82,922
67%
Biel/Bienne 55,140
50%
Lugano 62,123
50%
Neuchâtel 176,571
50%
St. Gallen 76,328
50%
Thun 43,723
50%
Winterthur 115,129
50%
Fribourg 334,465
33%
Schaffhausen 36,582
33%
Sion 34,704
33%
Baden 32,566
17%
Bellinzona 43,219
17%
Emmen 30,926
17%
La Chaux-de-Fonds 37,942
17%
Olten 30,678
17%
Zug 31,345
17%
Aarau 21,503
0%
Adliswil 18,765
0%
Allschwil 21,150
0%
Altstetten 33,461
0%
Baar 24,464
0%
Bülach 20,443
0%
Dübendorf 28,667
0%
Glarus Nord 18,481
0%
Gossau 18,172
0%
Kloten 19,672
0%
Köniz 41,772
0%
Kriens 27,441
0%
Lancy 32,841
0%
Martigny 18,301
0%
Meyrin 25,249
0%
Monthey 17,777
0%
Muttenz 17,809
0%
Pully 18,308
0%
Rapperswil-Jona 26,995
0%
Reinach 19,216
0%
Riehen 21,340
0%
Schlieren 18,731
0%
Solothurn 282,408
0%
Thalwil 17,990
0%
Volketswil 18,663
0%
Wädenswil 21,617
0%
Wettingen 20,843
0%
Wetzikon 24,803
0%
Wil 23,955
0%
No matching quizzes found
Score Distribution
Percent of People with Each Score
Percentile by Number Answered
Your Score History
You have not taken this quiz